000 00334 a2200157 4500
001 187973
020 _a0-582-40239-5
040 _cMagnum
100 _aChandler, Raymond
240 1 0 _aFarewell, my lovely
_lING
245 1 0 _aFarewell, my lovely
300 _a61
362 0 _a1999
697 _aLITERATURA INGLESA
942 _cBK
999 _c187973
_d187973